Normal view MARC view
  • Bordia, Sarbari

Entry Personal Name

Number of records used in: 1

001 - CONTROL NUMBER

  • control field: 36101

003 - CONTROL NUMBER IDENTIFIER

  • control field: NUST

005 - DATE AND TIME OF LATEST TRANSACTION

  • control field: 20210312152107.0

008 - FIXED-LENGTH DATA ELEMENTS

  • fixed length control field: 210312|| aca||aabn | a|a d

040 ## - CATALOGING SOURCE

  • Original cataloging agency: NUST
  • Transcribing agency: NUST

100 ## - HEADING--PERSONAL NAME

  • Personal name: Bordia, Sarbari

670 ## - SOURCE DATA FOUND

  • Source citation: Work cat.: (NUST)15118: Bretag,Tracey 36098, Communication skills., c2009.
© 2023 Central Library, National University of Sciences and Technology. All Rights Reserved.